000 00686nas a2200253 4500
001 BR9213095
003 BR-BrBNA
005 20231205095214.0
007 ta
008 230509b bl.|||p| |||| 00| 00por d
040 _aBR-BrBNA
_bpor
_cBiblioteca Nacional de Agricultura
041 _a(Pt)
072 _aF01; N10
100 1 _aAnon.
245 1 _aPlasticos: 1002 usos na fazenda
650 _aPlastico
650 _aCapa Plastica
650 _aEstufa
650 _aMaterial de Construcao
650 _aPratico
773 0 _tProdutor de Leite (Brazil)
_x
_g(Sep-Oct 1988), v. 18(110) p. 12-23
_wBR9213095
909 _a202311
_bLúcia
_c55
_dLúcia Elande
942 _2AGRIS
_n0
_cANA
999 _c149301
_d149301